<?xml version="1.0" encoding="UTF-8"?>
<record
    xmlns:xsi="http://www.w3.org/2001/XMLSchema-instance"
    xsi:schemaLocation="http://www.loc.gov/MARC21/slim http://www.loc.gov/standards/marcxml/schema/MARC21slim.xsd"
    xmlns="http://www.loc.gov/MARC21/slim">

  <leader>01055nam a22002657a 4500</leader>
  <datafield tag="952" ind1=" " ind2=" ">
    <subfield code="a">0001</subfield>
    <subfield code="b">0001</subfield>
    <subfield code="d">2022-09-07</subfield>
    <subfield code="l">0</subfield>
    <subfield code="o">324.2561 G96b 2020</subfield>
    <subfield code="p">020524</subfield>
    <subfield code="r">2022-09-07 00:00:00</subfield>
    <subfield code="w">2022-09-07</subfield>
    <subfield code="y">BKS</subfield>
  </datafield>
  <datafield tag="999" ind1=" " ind2=" ">
    <subfield code="c">14989</subfield>
    <subfield code="d">14989</subfield>
  </datafield>
  <controlfield tag="003">MIRAKIL</controlfield>
  <controlfield tag="005">20220907170802.0</controlfield>
  <controlfield tag="008">220907b        tu ||||| |||| 00| 0 tur d</controlfield>
  <datafield tag="020" ind1=" " ind2=" ">
    <subfield code="a">9789750530128</subfield>
  </datafield>
  <datafield tag="040" ind1=" " ind2=" ">
    <subfield code="a">TR-AnCHP</subfield>
    <subfield code="c">TR-AnCHP</subfield>
  </datafield>
  <datafield tag="041" ind1=" " ind2=" ">
    <subfield code="a">Tur</subfield>
  </datafield>
  <datafield tag="082" ind1=" " ind2=" ">
    <subfield code="a">324.2561</subfield>
    <subfield code="b">G96b 2020</subfield>
  </datafield>
  <datafield tag="100" ind1=" " ind2=" ">
    <subfield code="a">G&#xFC;nay, Ertu&#x11F;rul</subfield>
  </datafield>
  <datafield tag="245" ind1="1" ind2="0">
    <subfield code="a">Bir &#x201C;h&#xFC;rriyet&#x201D; hikayesi : </subfield>
    <subfield code="b">&#xE7;ok-partili d&#xF6;nemde &#xF6;zg&#xFC;rl&#xFC;k&#xE7;&#xFC; bir siyaset giri&#x15F;imi (1955-1958) /</subfield>
    <subfield code="c"> Ertu&#x11F;rul G&#xFC;nay.</subfield>
  </datafield>
  <datafield tag="246" ind1=" " ind2=" ">
    <subfield code="a">&#xE7;ok-partili d&#xF6;nemde &#xF6;zg&#xFC;rl&#xFC;k&#xE7;&#xFC; bir siyaset giri&#x15F;imi (1955-1958)</subfield>
  </datafield>
  <datafield tag="260" ind1=" " ind2=" ">
    <subfield code="a">&#x130;stanbul : </subfield>
    <subfield code="b">&#x130;leti&#x15F;im Yay&#x131;nlar&#x131;, </subfield>
    <subfield code="c">2020.</subfield>
  </datafield>
  <datafield tag="300" ind1=" " ind2=" ">
    <subfield code="a">248 s.:</subfield>
    <subfield code="c">19 sm.</subfield>
  </datafield>
  <datafield tag="490" ind1="0" ind2=" ">
    <subfield code="a">&#x130;leti&#x15F;im Yay&#x131;nlar&#x131; ;  </subfield>
    <subfield code="a">Ara&#x15F;t&#x131;rma-inceleme dizisi ;</subfield>
    <subfield code="v">2955. </subfield>
    <subfield code="v">481.</subfield>
  </datafield>
  <datafield tag="504" ind1=" " ind2=" ">
    <subfield code="a">Kaynak&#xE7;a vard&#x131;r.</subfield>
  </datafield>
  <datafield tag="650" ind1=" " ind2="0">
    <subfield code="9">9</subfield>
    <subfield code="a">Siyaset ve y&#xF6;netim</subfield>
    <subfield code="x">Tarih</subfield>
    <subfield code="z">T&#xFC;rkiye</subfield>
  </datafield>
  <datafield tag="650" ind1=" " ind2="0">
    <subfield code="9">9</subfield>
    <subfield code="a">Siyaset ve y&#xF6;netim</subfield>
    <subfield code="x">&#xE7;ok partili d&#xF6;nem</subfield>
    <subfield code="z">T&#xFC;rkiye</subfield>
  </datafield>
  <datafield tag="650" ind1=" " ind2="0">
    <subfield code="9">804</subfield>
    <subfield code="a">Siyasi partiler</subfield>
    <subfield code="x">H&#xFC;rriyet partisi</subfield>
  </datafield>
  <datafield tag="740" ind1=" " ind2=" ">
    <subfield code="a">&#xE7;ok-partili d&#xF6;nemde &#xF6;zg&#xFC;rl&#xFC;k&#xE7;&#xFC; bir siyaset giri&#x15F;imi (1955-1958)</subfield>
  </datafield>
  <datafield tag="942" ind1=" " ind2=" ">
    <subfield code="2">ddc</subfield>
    <subfield code="c">BKS</subfield>
  </datafield>
</record>
